| 000 | 01249cab a22002415a 4500 | ||
|---|---|---|---|
| 001 | L143881 | ||
| 008 | 080604e20080531xxk f 000 0 eng d | ||
| 035 | _a(Sirsi) u143881 | ||
| 041 | 0 | _aeng | |
| 100 | 1 | _aButterworth, Simon | |
| 245 | 0 | 0 | _aOffering a helping hand |
| 260 | _c2008 | ||
| 490 |
_aEstates Gazette _v(0821) 31 May 2008, 134-135(2) |
||
| 520 | _aMainly for Students article considers the rules which must be followed by charities who deal with property. Outlines the types of organisations which can be classed as charities, warning that surveyors need to be aware of the rules applying to each. Property is held on trust by a designated trustee. Outlines the duties of such trustees. Property disposal is performed by trustees where they have the right to do so. However the disposal should be on the best possible terms and in the interests of the charity. Leases are dealt with in broadly the same way as other property. | ||
| 590 | _aKA | ||
| 650 | 2 | 4 | _aCHARITIES ACT 1993 |
| 650 | 2 | 4 | _aCHARITIES (QUALIFIED SURVEYORS REPORTS) REGULATIONS 1992 |
| 651 | 4 |
_aUnited Kingdom _y |
|
| 690 |
_aLandlord and tenant _96252 |
||
| 690 | _aPROPERTY-ACQUISITION AND DISPOSAL OF PROPERTY | ||
| 700 | 1 | _aTurner, Caroline | |
| 942 | _n0 | ||
| 999 |
_c80296 _d80296 |
||